[Event "Uru-ch 2020 Final"]
[Site "Montevideo"]
[Date "2021.08.19"]
[Round "6.2"]
[White "Roselli Mailhe, Bernardo"]
[Black "Lopez Azambuja, Nicolas"]
[Result "0-1"]
[WhiteElo "2434"]
[BlackElo "2303"]
[Annotator "TA"]
[PlyCount "98"]
[EventDate "2021.03.13"]
[EventType "swiss"]
[EventCountry "URU"]
[SourceTitle "playchess.com"]
[Source "ChessBase"]
[SourceQuality "1"]

{[%evp 10,98,15,0,0,2,3,5,3,3,3,6,0,0,20,0,0,-10,-7,-36,-40,-56,-56,-59,-57,-56,-56,-68,-51,-54,-50,-56,-27,-39,-37,-32,-32,-91,-92,-88,-85,-234,-234,-234,-234,-229,-218,-274,-274,-1219,-387,-516,-512,-495,-477,-497,-502,-501,-411,-482,-477,-501,-500,-497,-500,-497,-490,-463,-445,-578,-543,-575,-546,-1095,-825,-1089,-1094,-1086,-924,-1082,-1033,-977,-988,-920,-864,-11974,-29952,-9699,-6203,-29972,-29972]} 1. d4 Nf6 2. c4 e6 3. Nf3 d5 4. Nc3 dxc4 5. e3 a6 6. a4 b6 {D24: Queen's Gambit Accepted: 3 Nf3 Nf6 4 Nc3.} 7. Bxc4 Bb7 8. O-O Bb4 {The position is equal.} 9. Qe2 O-O 10. Rd1 Qe7 11. Bd3 c5 12. Na2 Nc6 13. Nxb4 Nxb4 14. Bb1 Rfd8 {[#]} 15. Bd2 $146 ({Predecessor:} 15. a5 bxa5 16. Rxa5 Bxf3 17. Qxf3 cxd4 18. exd4 Rd5 19. Rxd5 Nbxd5 {½-½ (19) Pantev,V (2377)-Rusev,K (2528) Sunny Beach 2011}) 15... Bxf3 16. Qxf3 cxd4 17. exd4 Rac8 {[%cal Ba8c8,Bc8c4,Bc4d4][%mdl 32]} 18. Bc3 Rc4 19. Qe2 Rdc8 20. Bxb4 Qxb4 21. Bd3 Rxd4 22. Bxa6 Rcd8 23. g3 (23. Rxd4 $15 Rxd4 24. Qf3) 23... g6 $17 24. Rd3 Ne4 25. Bb5 {Loses the game.} (25. Re3 $17) 25... Rxd3 $19 26. Bxd3 {[#]} Nxf2 {[%mdl 576] Deflection} 27. Qxf2 {Threatens to win with Ra3.} Rxd3 {[%mdl 4096] Endgame KQR-KQR} 28. Rc1 Kg7 ({Much less strong is} 28... Qxa4 29. Qxb6 Qb3 30. Qxb3 $17) 29. Rc2 $2 (29. Re1) 29... Qxa4 $2 (29... Rd1+ 30. Kg2 Qe4+ 31. Kh3 Rd5) 30. h4 Qe4 {( -> ...Rd1+)} 31. Kh2 Rd1 {[%csl Gd1][%cal Re4h1]} 32. Qg2 Qxg2+ 33. Kxg2 {KR-KR} Rd3 34. g4 Rd4 35. Kg3 h5 36. g5 Rg4+ 37. Kh3 b5 38. Rc3 Rb4 39. b3 Kf8 40. Rf3 Ke7 41. Kg3 Rg4+ 42. Kh3 e5 43. Rf6 Rd4 44. Rb6 Rd3+ 45. Kg2 Rxb3 46. Rb7+ Ke6 47. Kh2 b4 48. Kg2 e4 49. Rb5 Rb1 {Weighted Error Value: White=0.59/Black=0.18} 0-1

[Event "Uru-ch 2020 Final"]
[Site "Montevideo"]
[Date "2021.08.19"]
[Round "6.4"]
[White "Coppola, Claudio"]
[Black "Michailov, Matias"]
[Result "1/2-1/2"]
[WhiteElo "2241"]
[BlackElo "2249"]
[Annotator "TA"]
[PlyCount "47"]
[EventDate "2021.03.13"]
[EventType "swiss"]
[EventCountry "URU"]
[SourceTitle "playchess.com"]
[Source "ChessBase"]
[SourceQuality "1"]

{[%evp 15,47,6,5,-10,-14,-14,-7,-13,-8,-39,-29,-39,-24,-33,-30,-37,-29,-64,-70,-73,-58,-58,-58,-58,-62,-110,-100,-110,-88,-110,-110,-110,-102,-104]} 1. d4 Nf6 2. c4 e6 3. g3 Bb4+ 4. Nc3 O-O 5. Bg2 d6 6. Nf3 Nc6 7. O-O Bxc3 8. bxc3 e5 9. Qc2 {E20: Nimzo-Indian: 4 g3 and 4 f3.} Re8 10. Bg5 h6 11. Bxf6 {The position is equal.} Qxf6 12. d5 Nb8 {[%cal Bc6b8,Bb8a6,Ba6c5][%mdl 32] [#]} 13. e4 $146 ({Predecessor:} 13. Nd2 Nd7 14. Be4 Qe7 15. Bh7+ Kh8 16. Bf5 g6 17. Bxd7 Bxd7 18. Rab1 Bh3 19. Rfc1 {0-1 (40) Nigrin,J (2105)-Baciak,M (2202) ICCF email 2015}) 13... Na6 14. Nd2 Bd7 15. Nb3 c6 16. dxc6 Bxc6 17. Na5 Nc5 18. Nxc6 bxc6 19. Rab1 Rab8 20. Rxb8 Rxb8 {Black is better.} 21. Rb1 Qd8 22. Rb4 a5 23. Rb2 Rb6 24. Qd2 {Weighted Error Value: White=0.12/Black=0.05} 1/2-1/2

[Event "Uru-ch 2020 Final"]
[Site "Montevideo"]
[Date "2021.08.19"]
[Round "6.5"]
[White "Carbone, Diego"]
[Black "Hoffman, Alejandro"]
[Result "1-0"]
[WhiteElo "2234"]
[BlackElo "2459"]
[Annotator "TA"]
[PlyCount "73"]
[EventDate "2021.03.13"]
[EventType "swiss"]
[EventCountry "URU"]
[SourceTitle "playchess.com"]
[Source "ChessBase"]
[SourceQuality "1"]

{[%evp 16,73,20,13,38,0,12,-16,-20,-21,-6,-12,0,0,0,0,0,0,9,-2,0,0,13,12,5,12,60,62,56,61,60,55,50,56,68,68,68,35,54,48,52,25,25,12,37,31,88,68,60,60,62,62,62,68,197,183,444,390,377,368]} 1. d4 Nf6 2. c4 g6 3. g3 Bg7 4. Bg2 d5 5. cxd5 Nxd5 6. Nf3 Nb6 7. Nc3 Nc6 8. e3 O-O 9. O-O Bd7 {D76: Fianchetto Grünfeld: Main Line with 7...Nb6.} 10. d5 Na5 11. Nd4 c6 {[#] The position is equal.} 12. Nb3 $146 ({Predecessor:} 12. b3 cxd5 13. Nxd5 Nxd5 14. Bxd5 Bb5 15. Nxb5 Bxa1 16. Ba3 Bf6 17. Qf3 Qb6 18. Nd4 {0-1 (28) Arndt,U (1985)-Radovanovic,J (2349) Berlin 2008}) 12... Bxc3 13. bxc3 Nxb3 14. axb3 Nxd5 15. Bb2 Nf6 16. c4 Bf5 17. Bd4 Qc7 18. Qe2 c5 19. Bxf6 exf6 20. Qf3 Rfe8 (20... b6 {is interesting.} 21. e4 Be6 22. Qxf6 Rad8 23. f4 Rd3) 21. Qxb7 Qxb7 22. Bxb7 Rab8 23. Bd5 Re7 24. Ra3 Bh3 25. Rfa1 Kf8 26. e4 h5 27. f3 f5 28. Kf2 (28. e5 {keeps more tension.} Rxe5 29. Rxa7 Re7 30. Ra8 Rxa8 31. Rxa8+ Re8 32. Ra5) 28... fxe4 29. fxe4 f5 (29... Rb6 {is more complex.} 30. R1a2 Bg4 31. Kg2 a6 32. Rb2 Kg7) 30. Rxa7 Rxb3 (30... fxe4 $14 31. Ra8 e3+ 32. Ke2 Bg4+ 33. Bf3 Bxf3+ 34. Kxf3 Rxa8 35. Rxa8+ Kg7) 31. Rxe7 Kxe7 $14 {[%mdl 4096] Endgame KRB-KRB} 32. e5 $1 Rb2+ 33. Ke3 g5 $1 34. Ra7+ Kf8 (34... Kd8 $14) 35. e6 $18 {[#] White wants to mate with e7+.} Bg2 $2 (35... Rb3+ {was called for.} 36. Kd2 Rb6) 36. Rf7+ Ke8 37. Rxf5 {Weighted Error Value: White=0.08/Black=0.28} 1-0

[Event "Uru-ch 2020 Final"]
[Site "Montevideo"]
[Date "2021.08.20"]
[Round "7.1"]
[White "Hoffman, Alejandro"]
[Black "Vazquez, Facundo"]
[Result "1-0"]
[WhiteElo "2459"]
[BlackElo "2199"]
[Annotator "TA"]
[PlyCount "133"]
[EventDate "2021.03.13"]
[EventType "swiss"]
[EventCountry "URU"]
[SourceTitle "playchess.com"]
[Source "ChessBase"]
[SourceQuality "1"]

{[%evp 18,133,79,24,37,31,31,23,32,22,101,109,107,64,54,54,97,97,96,64,74,59,79,61,81,5,199,178,148,100,107,104,99,-51,169,-31,201,225,186,165,160,171,166,141,318,273,331,319,270,279,443,432,416,369,369,362,338,303,279,210,238,229,217,225,218,214,169,117,125,120,181,172,203,202,267,265,263,252,263,241,334,306,281,278,475,475,445,200,469,417,4137,4137,1744,1651,899,610,4137,4137,4137,1629,1516,1176,29971,29974,29975,29976,29976,29977,29977,29978,29981,29982,29982,29982,29982,29979,29981,29982]} 1. d4 Nf6 2. Nf3 g6 3. c4 Bg7 4. Nc3 O-O 5. e4 d6 6. Be2 Nbd7 7. Be3 e5 8. d5 Nc5 9. Nd2 a5 10. O-O (10. g4 $16) 10... Bd7 {was the old line (10...h5). E94: King's Indian: Classical: 6 Be2 e5 7 0-0: Various Black 7th moves.} 11. b3 {[%cal Bb2b3,Bb3b4][%mdl 32]} Ne8 12. a3 f5 {White has an edge.} 13. f3 {[#]} Bf6 $146 (13... Na6 $11 {keeps the balance.}) ({Predecessor:} 13... f4 14. Bf2 g5 15. b4 Na6 16. c5 Qe7 17. c6 Bc8 18. cxb7 Bxb7 19. Nc4 axb4 20. axb4 Nxb4 {1-0 (42) Girya,O (2432)-Grebnev,A (2283) Cheboksary 2021}) 14. b4 $16 Na6 15. Rb1 (15. bxa5 $6 Bg5 $14) 15... Bg5 16. Bf2 Bh4 17. g3 ({But not} 17. bxa5 $6 Bxf2+ 18. Rxf2 Nc5 $11) 17... Be7 18. c5 axb4 19. axb4 dxc5 20. Bxa6 {And now Bc4 would win.} cxb4 21. Bc4 (21. Bxb7 $16 {Black must now prevent d6.} bxc3 22. d6 $1 Nxd6 23. Bxa8) 21... Kg7 $2 (21... bxc3 $11 {and Black stays safe.} 22. d6+ Kg7 23. dxe7 Qxe7) 22. Na2 Nd6 23. Bb3 fxe4 24. fxe4 ({Don't play} 24. Nxe4 $6 Nxe4 25. fxe4 Bh3 $11) 24... Bh3 25. Re1 (25. Nxb4 Bxf1 26. Kxf1 Nb5 $15) (25. Qe2 $1 $16) 25... Bg5 $2 (25... Nb5 $1 $15 {stays ahead.} 26. Be3 Bg5) 26. Nxb4 $2 {[#]} (26. Qe2 $1 $18) 26... Qf6 $2 (26... Rxf2 $1 $15 {keeps the upper hand.} 27. Kxf2 c6) 27. Nd3 $18 Nb5 {With the idea ...Nc3.} 28. Qc2 Na3 29. Qxc7+ {[%mdl 64] Double Attack} Rf7 30. Qxe5 Bxd2 $2 (30... Qxe5 $16 31. Nxe5 Rxf2 32. Kxf2 Bxd2) 31. Bd4 Nxb1 32. Qxf6+ Rxf6 33. Rxb1 ({And not} 33. Bxf6+ Kxf6 34. Rxb1 Be3+ 35. Kh1 b5 $11) 33... Re8 (33... Kf7 {was necessary.} 34. d6+ Be6) 34. Nf2 Bc8 35. d6 Be3 36. Bxe3 Rxd6 37. Rc1 Be6 38. Rc7+ Rd7 39. Bd4+ Kf8 40. Rxd7 Bxd7 41. e5 Be6 42. Bc5+ (42. Bxe6 $18 Rxe6 43. Kg2) 42... Kf7 $16 43. Bd1 Bd5 {[#]} (43... Ra8 $16) 44. Bd6 $1 $18 Rc8 {[#]} 45. Kf1 $1 b5 46. Ke1 Ra8 47. Kd2 Ra2+ 48. Ke3 Be6 49. h4 Ra1 50. Be2 Bc4 $2 (50... Re1 51. Kd2 Rb1) 51. Bxc4+ bxc4 52. Ne4 (52. Kd4 $142) 52... h6 $2 (52... Rd1 {might work better.} 53. Ng5+ Ke8) 53. Kd4 Rd1+ (53... c3 $142) 54. Kxc4 Ke6 55. Nc5+ Kf7 56. Nd3 g5 57. hxg5 hxg5 58. Kd4 (58. Nf2 $142 Rf1 59. Ne4) 58... Kg6 59. Ke4 Rg1 60. e6 {White mates.} Kf6 61. e7 Kf7 62. Ne5+ Ke8 63. Ng4 Rf1 64. Ke5 Kf7 65. Nh6+ Ke8 66. Nf5 Kf7 67. Bb4 {Weighted Error Value: White=0.34/Black=0.70} 1-0

[Event "Uru-ch 2020 Final"]
[Site "Montevideo"]
[Date "2021.08.20"]
[Round "7.2"]
[White "Michailov, Matias"]
[Black "Carbone, Diego"]
[Result "1-0"]
[WhiteElo "2249"]
[BlackElo "2234"]
[Annotator "TA"]
[PlyCount "83"]
[EventDate "2021.03.13"]
[EventType "swiss"]
[EventCountry "URU"]
[SourceTitle "playchess.com"]
[Source "ChessBase"]
[SourceQuality "1"]

{[%evp 10,83,17,8,29,0,41,0,0,0,33,30,29,15,42,34,38,37,33,31,59,53,58,55,81,76,66,59,101,67,86,58,67,69,83,60,90,85,135,134,151,108,216,207,205,99,99,107,183,177,280,259,370,379,370,233,232,232,229,240,239,229,306,204,406,401,668,614,710,687,766,682,879,868,797,700]} 1. d4 Nf6 2. Nf3 g6 3. c4 Bg7 4. Nc3 d5 5. Bf4 O-O 6. Rc1 Be6 {D92: Grünfeld: 4 Nf3 Bg7 5 Bf4.} 7. c5 b6 8. b4 (8. Nb5 $5 {[%cal Rb5c7]} Na6 9. Qa4 $14) 8... c6 {The position is equal.} 9. e3 Nh5 10. Bg5 {[#]} bxc5 $146 ({Predecessor:} 10... h6 11. Bh4 Nd7 12. Ba6 bxc5 13. dxc5 Nxc5 14. Be2 Ne4 15. Nd4 c5 16. bxc5 Qa5 17. Bxh5 Nxc3 {1-0 (36) Kociscak,J (2431)-Pribyl,J (2313) Czech Republic 2014}) 11. bxc5 Nd7 12. Nd2 h6 13. Bh4 Bf6 14. Bxf6 Nhxf6 15. Bd3 Qc7 16. h3 Kh8 17. Qc2 Rg8 18. Rb1 Nf8 19. Ne2 Bc8 20. Qc3 N8d7 21. O-O Kh7 22. Rb4 Re8 23. f4 Nf8 24. Rfb1 Qa5 25. R1b3 Bf5 (25... Qc7 $16 26. Rb1 N8d7) 26. Bxf5 $18 gxf5 27. Ra3 (27. Rb7 $18 {has better winning chances.} Qxc3 28. Nxc3) 27... Qc7 $16 28. Qd3 Ne4 (28... e6 $16) 29. Nxe4 $18 dxe4 {[#]} (29... fxe4 {was necessary.} 30. Qa6 Reb8 31. Rxb8 Rxb8 32. Qxa7 Rb7) 30. Qb3 $1 {[%cal Rb3f7]} Ne6 (30... Kg7 $142 31. Rb7 Qc8 32. Raxa7 (32. Rbxa7 Rb8 $18) 32... Rxa7 33. Rxa7 Qe6) 31. Rb7 Reb8 32. Rxc7 Rxb3 33. Rxb3 ({Less strong is} 33. axb3 Nxc7 34. Nc3 Kg6 $14) 33... Nxc7 {[%mdl 4096] Endgame [#] KRN-KRN} 34. Nc3 Rc8 35. Rb7 a6 36. a4 Kg6 $2 (36... a5 37. Ra7 e6 38. Rxa5 Rb8) 37. Rb6 Na8 (37... Ne6 $142 38. Rxa6 Kg7) 38. Rxa6 {White is clearly winning.} e6 39. Kf1 Rb8 {and the idea ...Rb3 leaves Black hopeful.} 40. Ke1 Nc7 41. Rxc6 Ne8 42. Rb6 {Weighted Error Value: White=0.19/Black=0.46} 1-0

[Event "Uru-ch 2020 Final"]
[Site "Montevideo"]
[Date "2021.08.20"]
[Round "7.4"]
[White "Lopez Azambuja, Nicolas"]
[Black "Coppola, Claudio"]
[Result "1-0"]
[WhiteElo "2303"]
[BlackElo "2241"]
[Annotator "TA"]
[PlyCount "77"]
[EventDate "2021.03.13"]
[EventType "swiss"]
[EventCountry "URU"]
[SourceTitle "playchess.com"]
[Source "ChessBase"]
[SourceQuality "1"]

{[%evp 13,77,16,27,27,26,27,27,39,40,26,30,22,50,38,29,36,66,58,457,449,460,458,447,454,454,437,419,422,407,402,454,456,509,540,528,517,587,578,601,590,613,610,627,658,688,696,696,631,1270,1253,802,728,1961,1893,1566,1529,1765,821,1836,1506,29978,29979,29990,29989,29997,29998]} 1. d4 d5 2. c4 c6 3. Nf3 Nf6 4. e3 Bg4 5. h3 Bxf3 6. Qxf3 e6 7. Nc3 Nbd7 8. cxd5 {D11: Slav Defence: 3 Nf3 sidelines and 3...Nf6 4 e3 Bg4.} cxd5 9. Bd3 Bd6 10. O-O {White has an edge.} O-O 11. e4 dxe4 12. Nxe4 Nxe4 13. Qxe4 {[%csl Gd3][%cal Re4h7] [#]} Nf6 14. Qxb7 {[#]} Nd5 $146 ({Predecessor:} 14... Bc7 15. Rd1 Nd5 16. Qa6 Bb6 17. Be4 Rc8 18. Qd3 h6 19. Bd2 Qd6 20. Rac1 Rxc1 21. Rxc1 {1-0 (53) Aronian,L (2754)-Fressinet,L (2664) Paris 2009}) 15. Be4 Bh2+ $2 {[%mdl 8192] Black cannot hold the game after this.} 16. Kxh2 $18 Qd6+ {[#]} 17. g3 $1 Rfb8 18. Bxd5 Rxb7 19. Bxb7 Rd8 20. Rd1 Qb6 21. Bf3 h6 22. Kg2 Qb4 23. a3 Qb3 24. Rb1 g5 25. Be3 Kg7 26. Rdc1 Qd3 27. b4 {[%cal Bb2b4,Bb4b5][%mdl 32]} Rd7 28. a4 f5 29. b5 Rf7 30. d5 exd5 31. Rd1 Qc2 32. Bxd5 Re7 33. Bd4+ Kh7 34. Rbc1 Qxa4 35. Bc5 (35. Bf6 $142 Qb4 36. Bxe7 Qxe7 37. Rc6) 35... Re5 36. Bc6 a6 37. Rd7+ {White mates.} Kg8 38. Bd4 Re2 39. Bd5+ {Weighted Error Value: White=0.01/Black=0.54} 1-0

[Event "Uru-ch 2020 Final"]
[Site "Montevideo"]
[Date "2021.08.20"]
[Round "7.5"]
[White "Dominguez, Facundo"]
[Black "Roselli Mailhe, Bernardo"]
[Result "0-1"]
[WhiteElo "2165"]
[BlackElo "2434"]
[Annotator "TA"]
[PlyCount "64"]
[EventDate "2021.03.13"]
[EventType "swiss"]
[EventCountry "URU"]
[SourceTitle "playchess.com"]
[Source "ChessBase"]
[SourceQuality "1"]

{[%evp 9,64,25,24,25,17,19,19,25,32,10,4,11,10,4,22,18,21,14,18,8,18,8,14,0,0,0,0,0,0,-7,0,0,0,0,0,0,0,0,0,-18,-15,-187,-185,-150,-79,-540,-533,-490,-291,-543,-529,-606,-615,-1222,-656,-29984,-29984]} 1. e4 e6 2. d4 d5 3. e5 b6 4. f4 Qd7 5. Nf3 c5 6. c3 {C02: French: Advance Variation.} Ne7 7. Be3 Nf5 8. Bf2 {The position is equal.} h5 {[#]} 9. Nbd2 $146 ({Predecessor:} 9. Na3 Ba6 10. Bxa6 Nxa6 11. Nc2 Qb5 12. Qe2 Qxe2+ 13. Kxe2 Rc8 14. a4 Be7 15. a5 {1-0 (43) Ortega Fuentes,L-Sanz Perez,E (2175) Mondragon 2001}) 9... Ba6 10. Bxa6 Nxa6 11. Qe2 Nc7 12. O-O Be7 13. Rfd1 c4 14. Nf1 b5 15. a3 a5 16. Ne3 g6 17. Nxf5 exf5 18. Bh4 Bxh4 19. Nxh4 Ne6 20. Qf3 O-O 21. g3 b4 22. axb4 axb4 23. Ng2 Qb5 24. Rxa8 Rxa8 25. cxb4 $2 {[#]} (25. Ne3 $1 $11 {and White stays safe.} Ra5 26. Rd2) 25... Qxb4 $19 26. Qc3 ({But not} 26. Qxd5 $2 Ra5 $19) 26... Qa4 ({Black should play} 26... Qb7 {...Ra6 is the strong threat.} 27. Rd2 Ra6) 27. Qf3 $2 {[%mdl 8192]} (27. Ne3 $17) 27... Rb8 28. Rd2 {[#] and the idea Ne3 leaves White hopeful.} Rb3 (28... Rxb2 $142 $3 {[%mdl 512]} 29. Rxb2 Qa1+ {[%mdl 64] Double Attack} 30. Ne1 Qxb2 31. Qxd5 c3) 29. Qd1 (29. Qf2) 29... Qb4 30. Qc1 Qb6 31. Qa1 Kg7 32. Qa8 Nxd4 {Weighted Error Value: White=0.89/Black=0.36} 0-1

[Event "Uru-ch 2020 Final"]
[Site "Montevideo"]
[Date "2021.08.21"]
[Round "8.4"]
[White "Carbone, Diego"]
[Black "Lopez Azambuja, Nicolas"]
[Result "1/2-1/2"]
[WhiteElo "2234"]
[BlackElo "2303"]
[Annotator "TA"]
[PlyCount "138"]
[EventDate "2021.03.13"]
[EventType "swiss"]
[EventCountry "URU"]
[SourceTitle "playchess.com"]
[Source "ChessBase"]
[SourceQuality "1"]

{[%evp 12,138,8,5,36,36,42,35,31,2,11,0,13,26,13,8,18,16,19,0,29,24,21,36,37,6,62,58,58,64,62,61,61,60,81,44,31,10,10,11,15,0,0,-6,-8,-6,-5,-5,-8,-8,-8,-7,-7,-8,-8,-8,-8,-9,-9,-9,-9,-9,-9,-24,-16,-24,-9,-9,-9,-32,-32,-32,-14,-71,-32,-32,-20,-69,-32,-59,0,-69,-24,-24,-24,-24,-7,-7,-7,-7,-7,-69,-69,-83,-89,-79,-79,-104,-71,-89,-74,-84,-32,-32,-32,-33,-32,-39,-33,-40,-40,-71,-71,-71,-71,-71,-24,-69,0,0,0,-69,-8,-8,-8,-8,0,-4,0]} 1. d4 Nf6 2. c4 e6 3. g3 d5 4. Nf3 Bb4+ 5. Bd2 a5 6. Bg2 O-O 7. Qc2 c5 {E11: Bogo-Indian.} 8. cxd5 $1 {8.cxd5 is better than 8.dxc5.} cxd4 9. Nxd4 Qb6 {White is slightly better.} 10. Nf3 exd5 11. O-O Bxd2 12. Nbxd2 Nc6 {[#]} 13. Rac1 $146 ({Predecessor:} 13. Qb3 Ra6 14. Qxb6 Rxb6 15. b3 {½-½ (15) Postny,E (2637)-Filippov,A (2617) Sibenik 2012}) 13... Re8 14. e3 Bg4 15. Qc5 Qd8 16. a3 a4 17. Nd4 Rc8 18. Nxc6 (18. b4 {keeps more tension.} axb3 19. N2xb3 h6 20. Nxc6 Rxc6 21. Qd4) 18... Rxc6 (18... bxc6 $11 19. Qd4 Be2) 19. Qb4 $14 Qb6 20. Rxc6 Qxb4 21. axb4 bxc6 22. Ra1 Ra8 23. Nb1 Bd1 24. Nc3 Bb3 25. b5 c5 26. b6 Kf8 ({Reject} 26... Rb8 27. Nxa4 Bxa4 28. Rxa4 $16) 27. g4 h6 28. h4 g5 29. hxg5 hxg5 30. f4 Rb8 31. fxg5 Nxg4 32. Nxa4 Bxa4 33. Rxa4 Nxe3 $11 {[%mdl 4096] Endgame KRB-KRN} 34. Ra5 Rxb6 35. Rxc5 d4 {[#] ...d3 is the strong threat.} 36. Be4 Rxb2 37. Ra5 Ke7 38. Ra6 Rd2 39. g6 fxg6 40. Bxg6 Rg2+ 41. Kh1 Rg5 42. Ra4 Rg4 43. Ra6 Nc4 44. Bf5 Rg5 (44... Rf4 {seems wilder.} 45. Bh7 Ne5 46. Kg2 d3 47. Ra7+ Kd6) 45. Be4 Rg4 (45... Re5 $5 {[%cal Re5e4]} 46. Bd3 Nb2 47. Ra7+ Ke6 48. Ra6+ Ke7 49. Ra7+ Kf6 50. Ra6+ Kg5 $15) 46. Bf5 Rh4+ (46... Rf4 {looks sharper.} 47. Bh7 Ne5 48. Kg2 d3 49. Ra2 Rh4) 47. Kg1 Nd6 48. Bd3 Rf4 49. Kg2 Ke6 50. Kg3 Rf8 51. Bc4+ (51. Ra5 $11) 51... Ke5 $15 52. Bd3 Ne4+ 53. Kg2 Rf2+ 54. Kg1 Rd2 (54... Rf3 {with more complications.} 55. Bb5 Rb3 56. Bc4 Rc3 57. Bb5 Kf4) 55. Bc4 Kf4 56. Ra3 Ng5 ({Black should play} 56... Rc2 $17 57. Bd3 Rb2) 57. Kf1 Rc2 58. Bd3 Rb2 59. Be2 Ne4 {[#] Hoping for ...Ng3+.} 60. Rf3+ Ke5 {And now ...Nd2+ would win.} 61. Ra3 Nc3 62. Bc4 Ke4 63. Ra8 Ke3 64. Re8+ Kf3 ({Black should try} 64... Kd2 $1 $15) 65. Rf8+ $11 Ke3 (65... Kg4 $11) 66. Re8+ $15 Kf4 ({Better is} 66... Kd2 $1 $15) 67. Rf8+ $11 {The position is equal.} Ke5 68. Re8+ Kf4 69. Rf8+ Ke3 {Weighted Error Value: White=0.10/Black=0.11} 1/2-1/2

[Event "Uru-ch 2020 Final"]
[Site "Montevideo"]
[Date "2021.08.21"]
[Round "8.5"]
[White "Hoffman, Alejandro"]
[Black "Michailov, Matias"]
[Result "0-1"]
[WhiteElo "2459"]
[BlackElo "2249"]
[Annotator "TA"]
[PlyCount "120"]
[EventDate "2021.03.13"]
[EventType "swiss"]
[EventCountry "URU"]
[SourceTitle "playchess.com"]
[Source "ChessBase"]
[SourceQuality "1"]

{[%evp 22,120,42,42,45,48,45,45,46,49,58,47,43,31,59,46,88,49,65,50,50,40,66,50,60,64,60,72,75,64,82,72,128,17,20,14,14,13,32,10,18,0,0,0,0,0,31,45,47,0,0,-33,0,0,0,0,9,0,11,12,166,125,290,291,335,325,345,358,393,249,696,386,386,386,386,386,386,327,307,33,36,36,39,0,0,-14,-8,-8,0,-14,-14,-14,-14,-616,-386,-29966,-29967,-7842,-9428,-4622,-22]} 1. d4 Nf6 2. Nf3 g6 3. c4 Bg7 4. Nc3 O-O 5. e4 d6 6. Be2 e5 7. Be3 Ng4 8. Bg5 f6 9. Bh4 g5 10. Bg3 Nh6 11. d5 {has lost popularity (11.dxe5).} Nd7 12. Nd2 f5 {E93: King's Indian: Classical: Petrosian System with 7...Nbd7.} 13. exf5 Nc5 14. Nde4 Nxe4 {White is slightly better.} 15. Nxe4 Bxf5 16. Bd3 g4 17. O-O Bg6 18. Rc1 Qe7 19. c5 Kh8 {[#]} 20. cxd6 $146 ({Predecessor:} 20. Rc4 Bf7 21. cxd6 cxd6 22. Nc3 Rac8 23. b3 b5 24. Nxb5 Bxd5 25. Ra4 Qd7 26. Re1 {1-0 (46) Vescovi,G (2631)-Saldano Dayer,H (2401) Campinas 2011}) 20... cxd6 21. Rc4 Rad8 22. Qe2 Rd7 23. Rfc1 Qd8 24. b4 Bf5 25. a4 Qe7 26. a5 Qf7 (26... Ng8 $142) 27. Nc3 (27. Rc8 $16) 27... Bxd3 $11 28. Qxd3 Nf5 29. Rxg4 Rc7 {Hoping for ...Rfc8.} 30. Re1 (30. Rf1 {feels hotter.} Rfc8 31. Ne2 Ne7 32. Bh4 Qxd5 33. Qxd5 Nxd5 34. Rd1) 30... h5 31. Rge4 Nxg3 32. hxg3 ({Avoid the trap} 32. Qxg3 $2 Rxc3 $1 {[%mdl 512]} 33. R4e3 (33. Qxc3 $2 Qxf2+ 34. Kh1 Qf1+ {[%mdl 64] Back Rank} 35. Rxf1 Rxf1#) 33... Rxe3 $19) 32... Qxf2+ 33. Kh2 Qf5 34. Nb5 Rd7 35. Nxa7 Bh6 $1 36. Qe2 Bg5 {[%mdl 1024] Black has compensation.} (36... Rg7 $5 {[%cal Rf5g6]} 37. Rh4 Qg6 $15) 37. Nb5 {[%cal Ba7b5,Bb5c3,Bc3e4,Be4d6][%mdl 32]} h4 38. g4 $36 {[%mdl 2048] White has good play.} Qf7 39. Rd1 Bf4+ 40. Kh3 Rc8 $2 (40... Qf6 $11 {and Black is okay.}) 41. Rc4 Re8 (41... Rg8 $16) 42. Nc3 $18 Qg6 43. Ne4 Rg7 44. Rd3 Reg8 {and the idea ...Qh6 leaves Black hopeful.} 45. b5 Qe8 $2 (45... Bg3 46. a6 (46. Nxg3 hxg3 47. Kxg3 Rh7 $18) 46... bxa6 47. bxa6 Rf7) 46. Nxd6 Qd7 {[%cal Rg7g4] [#]} 47. Rxf4 exf4 48. Qe6 Qxe6 49. dxe6 {[%mdl 4096] Endgame KRR-KRN} Re7 {[#]} 50. Nf7+ $2 ({White should try} 50. Nxb7 $1 $18 {[%mdl 512]} Rxb7 51. b6) 50... Kg7 $14 51. Rd6 Ra8 $1 52. Rb6 Rxa5 53. g5 {Nh6 is the strong threat.} Ra3+ 54. Kxh4 Rg3 {And now ...Kg6 would win.} 55. Nd6 Kg6 {[%cal Re7h7]} 56. Rxb7 Rxe6 57. Nf7 {[%mdl 8192]} (57. Nc8 $11) 57... Rxg2 {White must now prevent ...Kf5.} 58. Nh8+ $2 (58. Nd8 $19 Rd6 59. Nc6 Rxg5 60. Rb8) 58... Kf5 {[%cal Rg2h2]} 59. Rf7+ Ke4 {( -> ...Kf3)} 60. g6 Kd4 $2 {[%mdl 32768] Never resign too early!  Weighted Error Value: White=0.58/Black=0.30. Sensor Board Error (Ke4/e5)?} (60... Re8 $19 61. g7 Rg8) 0-1